00355nam a2200133Ia 4500003000400000008004100004020002300045040000800068100001700076245006000093250001200153260004600165300001000211LDD181101s9999 xx 000 0 und d a818766794xc250.00 cLDD aAnsari, Nami 0aAzaadi ke baad urdu nasr main tanz o mizahcNami Ansari a4th ed. aDelhibEducational Publishing Housec2015 a219p.